[Event "Victoria op RR"]
[Site "Victoria"]
[Date "2018.01.13"]
[Round "3"]
[White "Cordon, Ian"]
[Black "Fratila, Adela"]
[Result "1/2-1/2"]
[WhiteElo "2041"]
[BlackElo "2202"]
[PlyCount "92"]
[EventDate "2018.01.12"]
[EventType "tourn"]
[EventRounds "5"]
[EventCountry "CAN"]
[SourceTitle "EXT 2022"]
[Source "ChessBase"]
[SourceDate "2021.10.06"]
[SourceVersion "1"]
[SourceVersionDate "2021.10.06"]
[SourceQuality "1"]

1. c4 f5 2. Nc3 Nf6 3. g3 e6 4. Bg2 d5 5. e3 c6 6. Nge2 Bd6 7. b3 0-0 8. 0-0 Qe7 9. d3 b6 10. Qc2 Bb7 11. Bd2 Nbd7 12. Rfe1 Rac8 13. a3 a5 14. Bc1 e5 15. Qd2 Nc5 16. Rb1 e4 17. dxe4 fxe4 18. cxd5 cxd5 19. Nb5 Bb8 20. Rd1 Ng4 21. Nf4 Bxf4 22. exf4 Nd3 23. Rf1 Rce8 24. h3 Nh6 25. a4 Rf6 26. Bb2 Nf5 27. Bxf6 Qxf6 28. Rfd1 d4 29. Qe2 Nc5 30. Qc4+ Kh8 31. Nxd4 Ba6 32. Nb5 e3 33. fxe3 Nxe3 34. Re1 Qg6 35. Qe2 Qxg3 36. Qf3 Qg6 37. Kh2 Bb7 38. Qg3 Qxg3+ 39. Kxg3 Bxg2 40. Nd6 Re6 41. Nf7+ Kg8 42. Ne5 Be4 43. Rbc1 Nf5+ 44. Kg4 Nh6+ 45. Kg3 Nf5+ 46. Kg4 Nh6+ 1/2-1/2

[Event "Richmond Keres Memorial 42nd"]
[Site "Richmond"]
[Date "2017.05.22"]
[Round "5"]
[White "McLaren, Brian"]
[Black "Fratila, Adela"]
[Result "0-1"]
[WhiteElo "2194"]
[BlackElo "2123"]
[PlyCount "86"]
[EventDate "2017.05.20"]
[EventType "swiss"]
[EventRounds "6"]
[EventCountry "CAN"]
[SourceTitle "CBM 178 Extra"]
[Source "ChessBase"]
[SourceDate "2017.06.22"]
[SourceVersion "1"]
[SourceVersionDate "2017.06.22"]
[SourceQuality "1"]

1. e4 e6 2. d4 d5 3. e5 c5 4. c3 Nc6 5. Be3 Qb6 6. Qd2 Bd7 7. Nf3 f6 8. exf6 Nxf6 9. Bd3 c4 10. Be2 Bd6 11. Ne5 0-0 12. Qc1 Be8 13. Nd2 Qc7 14. f4 Bh5 15. Qd1 Bxe2 16. Qxe2 b5 17. 0-0 b4 18. cxb4 Nxb4 19. Rfc1 Nd7 20. a3 Bxe5 21. dxe5 Nc6 22. Nf3 Rab8 23. Rc2 Na5 24. Nd4 Rfe8 25. Qg4 Nf8 26. Rd1 Nb3 27. Nf3 Qf7 28. Rf2 Rb7 29. Nd4 Nxd4 30. Bxd4 Qg6 31. Qf3 Rb3 32. Qe2 a6 33. Kh1 h5 34. Bc3 Qf5 35. h3 h4 36. Qg4 Qxg4 37. hxg4 Kf7 38. f5 Nd7 39. g5 Rxc3 40. g6+ Ke7 41. bxc3 Nxe5 42. Re1 Kd6 43. fxe6 Nd3 0-1

[Event "Grand Pacific op 11th"]
[Site "Victoria"]
[Date "2017.04.15"]
[Round "2"]
[White "Fratila, Adela"]
[Black "Gansvind, Valeriya I"]
[Result "1-0"]
[WhiteElo "2045"]
[BlackElo "2161"]
[PlyCount "103"]
[EventDate "2017.04.14"]
[EventType "tourn"]
[EventRounds "6"]
[EventCountry "CAN"]
[SourceTitle "CBM 178 Extra"]
[Source "ChessBase"]
[SourceDate "2017.06.22"]
[SourceVersion "1"]
[SourceVersionDate "2017.06.22"]
[SourceQuality "1"]

1. b3 c6 2. Bb2 a5 3. e3 Nf6 4. f4 a4 5. bxa4 Rxa4 6. c4 Ra8 7. Nc3 d6 8. Nf3 g6 9. Bd3 Na6 10. a3 Bg7 11. 0-0 0-0 12. h3 Nc5 13. Bc2 Nfe4 14. d4 Nxc3 15. Bxc3 Be6 16. Nd2 Na6 17. f5 Bd7 18. g4 e6 19. Qf3 exf5 20. gxf5 Qh4 21. Qg2 Rae8 22. Rf4 Qh6 23. Qg3 Bxf5 24. Bxf5 gxf5 25. Kh1 Re6 26. Rb1 Rg6 27. Qf3 Re8 28. e4 fxe4 29. Nxe4 d5 30. Nf2 f5 31. cxd5 Rd6 32. Rxb7 Rxd5 33. Nd1 Qe6 34. Ra7 Nb8 35. Qg2 Nd7 36. Rf3 Kh8 37. Rg3 Qf7 38. Ne3 Rxe3 39. Rxe3 f4 40. Ra8+ Nf8 41. Ree8 f3 42. Qf2 Rg5 43. Bb4 Rg2 44. Bxf8 Rxf2 45. Bd6+ Bf8 46. Rxf8+ Qxf8 47. Rxf8+ Kg7 48. Kg1 Rg2+ 49. Kf1 Rg6 50. Bc5 Rg3 51. h4 Rh3 52. Rf4 1-0

[Event "British Columbia op"]
[Site "Richmond"]
[Date "2017.02.13"]
[Round "6.8"]
[White "Fratila, Adela"]
[Black "North, Robert"]
[Result "1-0"]
[WhiteElo "2050"]
[BlackElo "2041"]
[PlyCount "59"]
[EventDate "2017.02.11"]
[EventType "swiss"]
[EventRounds "6"]
[EventCountry "CAN"]
[SourceTitle "EXT 2022"]
[Source "ChessBase"]
[SourceDate "2021.10.06"]
[SourceVersion "1"]
[SourceVersionDate "2021.10.06"]
[SourceQuality "1"]

1. d4 Nf6 2. Nf3 g6 3. Bf4 Bg7 4. e3 0-0 5. Be2 c5 6. c3 d6 7. dxc5 dxc5 8. Qxd8 Rxd8 9. 0-0 Nc6 10. Bc7 Re8 11. Bg3 e5 12. Na3 a6 13. Nc4 Ne4 14. Nb6 Nxg3 15. fxg3 Rb8 16. Ng5 Be6 17. Nxe6 Rxe6 18. Nd7 Rd8 19. Nxc5 Re7 20. Rad1 Bh6 21. Kf2 Bf8 22. Bc4 Rc7 23. Ne4 Kg7 24. Bb3 h6 25. g4 Rcd7 26. Ke2 Re7 27. g5 Rxd1 28. Rxd1 Rc7 29. Nf6 Re7 30. h4 1-0

[Event "British Columbia op"]
[Site "Richmond"]
[Date "2017.02.12"]
[Round "3.2"]
[White "Sohal, Tanraj"]
[Black "Fratila, Adela"]
[Result "0-1"]
[WhiteElo "2374"]
[BlackElo "2050"]
[PlyCount "181"]
[EventDate "2017.02.11"]
[EventType "swiss"]
[EventRounds "6"]
[EventCountry "CAN"]
[SourceTitle "EXT 2022"]
[Source "ChessBase"]
[SourceDate "2021.10.06"]
[SourceVersion "1"]
[SourceVersionDate "2021.10.06"]
[SourceQuality "1"]

1. d4 a6 2. e4 e6 3. Nf3 Nf6 4. e5 Nd5 5. Bd3 c5 6. dxc5 Bxc5 7. 0-0 h6 8. a3 Nc6 9. b4 Ba7 10. c4 Nde7 11. Bb2 0-0 12. Re1 Ng6 13. Nbd2 d5 14. exd6 Qxd6 15. Bxg6 fxg6 16. Ne4 Qe7 17. Nd6 Kh7 18. c5 b6 19. Nxc8 Raxc8 20. cxb6 Bxb6 21. Qe2 Qa7 22. Red1 e5 23. Rd6 Nd4 24. Bxd4 Bxd4 25. Rd1 Rce8 26. Nxd4 exd4 27. Qd2 Qe7 28. Rxd4 Qe2 29. Qxe2 Rxe2 30. Rf1 Ra2 31. Rd3 Rf5 32. g4 Re5 33. Kg2 Ree2 34. Rf3 Reb2 35. Rd1 Rd2 36. Rxd2 Rxd2 37. h4 a5 38. bxa5 Rd4 39. Kg3 Ra4 40. Re3 Rxa5 41. f3 g5 42. hxg5 hxg5 43. Kf2 Ra4 44. Ke2 Kg6 45. Kd2 Kf6 46. Kc2 Ra8 47. Kb2 Rb8+ 48. Rb3 Ra8 49. Rb5 g6 50. Kb3 Re8 51. Rc5 Re3+ 52. Rc3 Re1 53. Kb4 Rb1+ 54. Rb3 Rf1 55. a4 Ke6 56. Kb5 Rd1 57. a5 Kd7 58. Kb6 Kc8 59. a6 Kb8 60. Rb5 Rd3 61. Rxg5 Rd6+ 62. Kb5 Ka7 63. Re5 Rb6+ 64. Kc5 Kxa6 65. Kd5 Kb7 66. Re6 Rb5+ 67. Ke4 g5 68. Re5 Rb4+ 69. Ke3 Kc6 70. Rxg5 Kd6 71. Rf5 Ke6 72. Kf2 Rb8 73. Kg3 Rh8 74. Ra5 Kf6 75. Kf4 Rb8 76. Ra6+ Kg7 77. g5 Rb4+ 78. Kg3 Rb1 79. Kg4 Rb4+ 80. Kh5 Rf4 81. Ra7+ Kf8 82. Kh6 Rxf3 83. Ra8+ Kf7 84. g6+ Ke7 85. Kg7 Rf1 86. Ra3 Rg1 87. Re3+ Kd7 88. Kf7 Rf1+ 89. Kg8 Rg1 90. g7 Rg2 91. Re4 0-1

[Event "ROM-ch op (Women)"]
[Site "Eforie Nord"]
[Date "1997.??.??"]
[Round "?"]
[White "Ionica, Iulia Ionela"]
[Black "Fratila, Adela"]
[Result "1-0"]
[WhiteElo "2235"]
[BlackElo "2055"]
[PlyCount "65"]
[EventDate "1997.09.??"]
[EventType "swiss"]
[EventRounds "11"]
[EventCountry "ROU"]
[SourceTitle "EXT 2000"]
[Source "ChessBase"]
[SourceDate "1999.11.16"]
[SourceVersion "1"]
[SourceVersionDate "1999.11.16"]
[SourceQuality "1"]

1. e4 c6 2. d4 d5 3. f3 g6 4. Nc3 Bg7 5. Be3 dxe4 6. fxe4 e5 7. Nf3 Bg4 8. d5 cxd5 9. Bb5+ Bd7 10. Qxd5 Bc6 11. Qxd8+ Kxd8 12. 0-0-0+ Kc8 13. Rd2 a6 14. Bc4 Nh6 15. Nxe5 Bxe5 16. Bxh6 Bxc3 17. bxc3 Bxe4 18. Bxf7 Bf5 19. h3 Bd7 20. Rhd1 b5 21. Be3 Bc6 22. Bc5 Kc7 23. Bd6+ Kb7 24. Be7 Rc8 25. Bd8 Nd7 26. Rxd7+ Bxd7 27. Rxd7+ Kc6 28. Be8 Kc5 29. Be7+ Kb6 30. Rd6+ Ka5 31. Bc6 Rab8 32. Rf6 Rb6 33. Bb4+ 1-0

[Event "ROM-ch (Women)"]
[Site "Herculane"]
[Date "1996.??.??"]
[Round "7"]
[White "Baciu, Anca Otilia"]
[Black "Fratila, Adela"]
[Result "1-0"]
[WhiteElo "2095"]
[BlackElo "2125"]
[PlyCount "79"]
[EventDate "1996.12.??"]
[EventType "tourn"]
[EventRounds "13"]
[EventCountry "ROU"]
[SourceTitle "EXT 2008"]
[Source "ChessBase"]
[SourceDate "2007.11.25"]
[SourceVersion "1"]
[SourceVersionDate "2007.11.25"]
[SourceQuality "1"]

1. e4 c5 2. Nf3 Nf6 3. Nc3 Nc6 4. Bb5 Nd4 5. e5 Nxb5 6. Nxb5 Nd5 7. Ng5 f6 8. exf6 Nxf6 9. 0-0 e6 10. d4 Qb6 11. c4 a6 12. dxc5 Bxc5 13. Nc3 Qc6 14. Nce4 0-0 15. Nxc5 Qxc5 16. b3 b5 17. Qf3 Rb8 18. Be3 Qe7 19. Bf4 e5 20. Rfe1 d6 21. c5 Qa7 22. Be3 d5 23. c6 Qc7 24. Qg3 Nh5 25. Qh4 Nf6 26. Rac1 h6 27. Nf3 Ne4 28. Nd2 Nd6 29. Bc5 Nf5 30. Qh5 Rf7 31. Nf3 e4 32. Nd4 Kh7 33. Nxf5 Bxf5 34. Bd6 Qxd6 35. Qxf7 Rf8 36. Qh5 d4 37. c7 Qf4 38. Rc5 Bc8 39. Qe2 Bg4 40. Qxe4+ 1-0

[Event "ROM-ch (Women)"]
[Site "Herculane"]
[Date "1996.??.??"]
[Round "2"]
[White "Fratila, Adela"]
[Black "Bollengier, Andreea"]
[Result "1/2-1/2"]
[WhiteElo "2125"]
[BlackElo "2210"]
[PlyCount "28"]
[EventDate "1996.12.??"]
[EventType "tourn"]
[EventRounds "13"]
[EventCountry "ROU"]
[SourceTitle "EXT 2008"]
[Source "ChessBase"]
[SourceDate "2007.11.25"]
[SourceVersion "1"]
[SourceVersionDate "2007.11.25"]
[SourceQuality "1"]

1. e4 c5 2. Nc3 Nc6 3. f4 g6 4. Nf3 Bg7 5. Bc4 e6 6. f5 Nge7 7. fxe6 dxe6 8. d3 h6 9. 0-0 g5 10. Qe1 Ng6 11. Qf2 0-0 12. h3 b6 13. Ne2 Na5 14. Bb3 Ba6 1/2-1/2

[Event "ROM-ch (Women)"]
[Site "Herculane"]
[Date "1996.??.??"]
[Round "13"]
[White "Ionica, Iulia Ionela"]
[Black "Fratila, Adela"]
[Result "1/2-1/2"]
[WhiteElo "2140"]
[BlackElo "2125"]
[PlyCount "56"]
[EventDate "1996.12.??"]
[EventType "tourn"]
[EventRounds "13"]
[EventCountry "ROU"]
[SourceTitle "EXT 2008"]
[Source "ChessBase"]
[SourceDate "2007.11.25"]
[SourceVersion "1"]
[SourceVersionDate "2007.11.25"]
[SourceQuality "1"]

1. e4 c5 2. Nf3 Nf6 3. Nc3 Nc6 4. d4 d5 5. exd5 Nxd5 6. Nxd5 Qxd5 7. Be3 cxd4 8. Nxd4 Nxd4 9. Qxd4 Qxd4 10. Bxd4 Bd7 11. 0-0-0 Bc6 12. f3 Rg8 13. Bc4 g6 14. Rhe1 Bg7 15. Bc5 Bf6 16. Rd3 e6 17. Kb1 b6 18. Bb4 Rc8 19. a3 Be7 20. Bc3 Rd8 21. Red1 Rxd3 22. Rxd3 g5 23. g3 Rg6 24. Be5 f5 25. Ba6 Rh6 26. Rc3 Kd7 27. Rd3+ Ke8 28. Rc3 Kd7 1/2-1/2